Distribučné kanály biopotravín bakalárska práca

Na minha lista:
Detalhes bibliográficos
Autor principal: Paulová, Katarína
Autor Corporativo: Obchodná fakulta EU. Katedra marketingu
Outros Autores: Gondárová, Jana, 1983-
Formato: Livro
Idioma:eslovaco
Publicado em: Bratislava 2022
Tags: Adicionar Tag
Sem tags, seja o primeiro a adicionar uma tag!

MARC

LEADER 00000nbm a2200000 4500
001 0285860
005 20221128132726.7
041 0 |a slo 
044 |a SK 
245 1 0 |a Distribučné kanály biopotravín  |b bakalárska práca  |c Katarína Paulová ; školiteľ: Jana Gondárová 
264 1 |a Bratislava  |c 2022 
300 |a 54 s. 
100 1 |a Paulová, Katarína 
700 1 |a Gondárová, Jana, 1983- 
710 2 |a Obchodná fakulta EU. Katedra marketingu